00702nam a2200229 a 4500003000700000005001700007008004100024020001500065040002500080041000800105050001400113100001900127245011000146260004500256300003600301336002800337337003000365338002700395650001200422700001900434700001900453CBULib20260518083408.0111011s1983 ||||||||||||||||| || u a0397506147 bEnglishcCBULiberda aeng aRD 31 Har aHardy, James D10aHardy's texbook of surgeryc / edited by James D. Hardy [assisted by] John S. Kukora [and] Harvey I. Pass aPhiladelphia : bJ.B. Lippincott, c1983 axvi, 1338pages : illustrations  2rdacontentaText |btxt 2rdamediaaUnmediated |bn 2rdacarrieraVolumebnc 0aSURGERY aPass, Harvey I aKukora, John S